MARC

Tag First Indicator Second Indicator Subfields
LEADER 00000cam a2200000 a 4500
001 in00002782494
005 20211120170452.0
006 m o d f
007 cr cn|||||||||
008 121120s2011 dcua o f000 0 eng c
035 |a (OCoLC)ocn818787191 
040 |a GPO  |c GPO  |d GPO  |d MvI  |d UtOrBLW 
042 |a pcc 
043 |a n-us--- 
049 |a WWW 
074 |a 0985-O (online) 
086 0 |a VA 1.118:10-03162-262 
088 |a 10-03162-262 
110 1 |a United States.  |b Department of Veterans Affairs.  |b Office of Inspector General. 
245 1 0 |a Audit of the project management accountability system implementation. 
264 1 |a [Washington, D. C.] :  |b Dept. of Veterans Affairs, Office of Inspector General, Office of Audits & Evaluations,  |c [2011] 
300 |a 1 online resource (ii, 23 pages) :  |b color illustrations 
336 |a text  |b txt  |2 rdacontent 
337 |a computer  |b c  |2 rdamedia 
338 |a online resource  |b cr  |2 rdacarrier 
500 |a Title from title screen (viewed on Nov. 20, 2012). 
500 |a "August 29, 2011." 
500 |a "10-03162-262." 
500 |a Electronic resource. 
650 0 |a Waste in government spending  |z United States. 
650 0 |a Payment  |z United States  |x Evaluation. 
610 1 0 |a United States.  |b Department of Veterans Affairs  |x Auditing. 
710 1 |a United States.  |b Department of Veterans Affairs.  |b Office of Audits & Evaluations. 
856 4 0 |u https://purl.fdlp.gov/GPO/gpo31535  |t 0 
999 |a MARS 
999 f f |s 7dd72c9c-6229-3521-bd39-493461a25b10  |i d40c84fd-4f56-3079-9afc-1143c4a5af6c  |t 0 
952 f f |a Texas A&M University  |b College Station  |c Electronic Resources  |d Available Online  |t 0  |e VA 1.118:10-03162-262  |h Superintendent of Documents classification 
998 f f |a VA 1.118:10-03162-262  |t 0  |l Available Online